| 000 | 01261nam a2200313 a 4500 | ||
|---|---|---|---|
| 001 | 000013969 | ||
| 003 | DO-SdBNP | ||
| 005 | 20240530073932.0 | ||
| 008 | 091202t2005 dr 001 e spa d | ||
| 020 | _a9993481289 | ||
| 040 |
_aDO-SdBNP _bspa _cBNPHU |
||
| 082 | 4 |
_aRD864.44 _bC422en |
|
| 100 | 1 |
_aCéspedes, Diógenes, _d1941- _920548 |
|
| 245 | 1 | 0 |
_aEnsayos sobre lingüistica, poética y cultura / _cDiógenes Céspedes; presentación Dennis R. Simó. |
| 260 |
_aSanto Domingo : _bUniversidad UNAPEC, _c2005. |
||
| 300 |
_a475 p. ; _c23 cm. |
||
| 500 | _aIncluye datos biográficos del autor en las solapas de la cubierta. | ||
| 500 | _aIncluye bibliografía y notas al pie de páginas. | ||
| 650 | 0 |
_aEnsayos dominicanos _965 |
|
| 650 | 0 |
_aLiteratura dominicana. _967 |
|
| 650 | 4 |
_aAutores dominicanos _xEnsayos, conferencias, etc. _931349 |
|
| 650 | 4 |
_aLenguaje y cultura _xEnsayos, conferencias, etc. _931350 |
|
| 650 | 4 |
_aLinguistica _xEnsayos, conferencias, etc. _919506 |
|
| 650 | 4 |
_aMúsica popular dominicana _xEnsayos, conferencias, etc. _931351 |
|
| 650 | 4 |
_aIdentidad cultural _xEnsayos, conferencias, etc. _931352 |
|
| 700 | 1 |
_aSimó Torres, Dennis R., _d1943- _931631 |
|
| 910 | _aValidado. Control de calidad EMS. | ||
| 942 |
_2ddc _cLBS1 |
||
| 999 |
_c13573 _d13573 |
||